000 00340nam a22001337a 4500
008 181101b xxu||||| |||| 00| 0 eng d
020 _a9780830414680
041 _aeng
080 _a159.9
100 _a48
101 _aPSI
245 _aMediation and Conflict Resolution in Social Work and the Human Services
_cKruk,E
942 _2udc
_cBK
999 _c51480
_d51480